000 01185cam a22001934a 4500
005 20250605164142.0
008 250528s ||||||||||||||||||||||||d
035 _a19014
020 _a688013139
040 _aGR-AtMCL
_bgre
_dGR-AtMCL
_eAACR2
245 1 _aBig Business and Presidential Power / From FDR to Reagan
260 _bWilliam Morrow And Company, Inc,
_c1982
300 _a386
520 _aA cool-headed, sharp-eyed and very, very necessary inquiry into one of the most important and least explored areas of American political and economic life. Preface, Rendering Unto Caesar, Big Business and the Domestic Reform Phase of the New Deal - 1933-1938, Mobilizing the Arsenal of Democracy - 1938-1943, Business Politicians and the Acceptance of an Activist State, Containment at Home and Abroad - 1945-1953, ''New Capitalism'' in the Eisenhower Era - 1953-1961, The Kennedy Administration and Big Business 1961-1963, The Johnson Treatment 1963-1969, The Road from Roosevelt to Reagan, Reaganomics and the Corporate Elite: Year One, Notes, Bibliography, List of Acronyms, Index.
700 1 _aMcquaid Kim
_95295
942 _cBK
999 _c4304
_d4304